000 00963cam a2200265 a 4500
001 000015072
005 20200929163939.0
008 960702s1977 txu 000 0 spa
020 _a0311057632
040 _aDO-SdBNP
_bspa
_cDLC
_dBNPHU
041 1 7 _aspa
_heng
_2Código idioma Marc
082 _a283.9
_bC874m
100 1 _aCowan, Marvin W.
_934128
240 1 0 _aMormon Claims Answered
_lEspañol
245 1 4 _aLos mormones :
_bsus doctrinas refutadas a la luz de la Biblia /
_cMarvin W. Cowan ; traducción de Tomás de la Fuentes.
260 _a[El Paso, Texa] :
_bCasa Bautista de Publicaciones,
_c1977.
300 _a159 p. ;
_c21 cm.
504 _aIncluye referencias bibliográfica (p.159)
534 _aTítulo original inglés:
_tMormon Claims Answered
650 4 _aMormonismo
_xHistoria
_934129
650 4 _aIglesia mormona
_xHistoria
_934130
700 1 _aFuentes, Tomás de la
_etr.
_934131
910 _aCatalogación derivada
049 _aBNGR
999 _c14644
_d14644